Top Titanium-Producing Countries - Statistics

General Stats
  • This quiz has been taken 187 times
  • The average score is 5 of 6
Answer Stats
Production Country % Correct
60,000 China
99%
45,000 Russia
95%
500 India
89%
27,000 Kazakhstan
64%
40,000 Japan
56%
7,500 Ukraine
52%
No matching quizzes found
Score Distribution
Percent of People with Each Score
Percentile by Number Answered
Your Score History
You have not taken this quiz